Tortugas marinas (Registro nro. 19145)

Detalles MARC
000 -CABECERA
Campo de control 01193cam a2200301 a 4500
005 - FECHA Y HORA DE LA ULTIMA TRANSACCION
Campo de control 20161128092634.0
008 - ELEMENTOS DE LONGITUD FIJA—INFORMACION GENERAL
Campo de control 081008t 2005ck abfo rc 000 0 spa d
020 ## - ISBN
ISBN 9583358797
040 ## - FUENTE DE CATALOGACIÓN
Agencia catalogadora original CO-BoPUJ
Agencia transcriptora CO-BoIAVH
Agencia Modificadora CO-BoIAVH
041 0# - IDIOMA
Código de idioma para texto/pista de sonido o título separado Español
044 ## - PAÍS DE PUBLICACIÓN
País de publicación Colombia
082 04 - NUMERO DE CLASIFICACION DECIMAL DEWEY
Número de clasificación 597.928
Número del ítem T71m
245 00 - MENCION DE TITULO
Título Tortugas marinas
Parte restante del título neotropicales /
Mención de responsabilidad editor José Vicente Rueda Almonacid...[y otros 5]
260 ## - PUBLICACION, DISTRIBUCION, ETC. (PIE DE IMPRENTA)
Lugar de publicación, distribución, etc. Bogotá :
Nombre del editor, distribuidor, etc. Conservación Internacional,
Fecha de publicación, distribución, etc. c2005.
300 ## - DESCRIPCION FISICA
Extensión 88 páginas, [20 páginas sin numerar]
Otros detalles físicos ilustraciones, fotos a color, láminas y mapas ;
Dimensiones 14 x 9 cm.
490 0# - MENCION DE SERIE
Mención de serie Serie Libretas de Campo ;
Designación numérica/secuencial del volumen 1
504 ## - NOTA DE BIBLIOGRAFIA, ETC.
Nota de bibliografía Incluye referencias bibliográficas.
650 16 - ASIENTO SECUNDARIO DE MATERIA - TERMINO TEMATICO
Término temático o nombre geográfico como elemento de entrada Tortugas
Subdivisión geográfica América Latina
9 (RLIN) 77409
650 26 - ASIENTO SECUNDARIO DE MATERIA - TERMINO TEMATICO
Término temático o nombre geográfico como elemento de entrada Tortugas marinas
Subdivisión geográfica América Latina
9 (RLIN) 77410
650 26 - ASIENTO SECUNDARIO DE MATERIA - TERMINO TEMATICO
Término temático o nombre geográfico como elemento de entrada Conservación biológica
Subdivisión geográfica América Latina
9 (RLIN) 77411
700 1# - ASIENTO SECUNDARIO - NOMBRE PERSONAL
Nombre personal Rueda-Almonacid, José Vicente
Término de relación editor
9 (RLIN) 689
700 1# - ASIENTO SECUNDARIO - NOMBRE PERSONAL
Nombre personal Rodríguez Mahecha, José Vicente
Término de relación editor
9 (RLIN) 4290
700 1# - ASIENTO SECUNDARIO - NOMBRE PERSONAL
Nombre personal Rueda, José Nicolás
Término de relación editor
9 (RLIN) 46573
700 1# - ASIENTO SECUNDARIO - NOMBRE PERSONAL
Nombre personal Mast, Roderic B.
Término de relación editor
9 (RLIN) 6447
700 1# - ASIENTO SECUNDARIO - NOMBRE PERSONAL
Nombre personal González Hernández, Andrés
Término de relación editor
9 (RLIN) 46058
700 1# - ASIENTO SECUNDARIO - NOMBRE PERSONAL
Nombre personal Amorocho, Diego
Término de relación editor
9 (RLIN) 2705
942 ## - ELEMENTOS ADICIONALES (KOHA)
Sistema de clasificación Dewey Decimal Classification
Tipo de ítem Libro
Existencias
Withdrawn status Lost status Sistema de Clasificación Damaged status No para préstamo Colección Ubicación Permanente Ubicación actual Fecha de adquisición Fuente de Valor Valor Total Checkouts Número topográfico Inventario / Código de Barras Date last seen Ejemplar Price effective from Forma de adquisición Tipo de material Inventariado
    Dewey Decimal Classification     General Bogotá Bogotá 28/11/2016 Instituto 39000.00   LB-597.928 T71m 040835 28/11/2016 Ej. 1 28/11/2016 Donación Libro  
    Dewey Decimal Classification     General Bogotá Bogotá 02/10/2017 Instituto 39000.00   LB-597.928 T71m 041707 02/10/2017 Ej. 2 02/10/2017 Donación Libro Inventariado 2017